000 00693nam a22002417a 4500
003 UA-OsUOA
001 91268
007 ta
008 20121126b un ||||| |||| 00| 0 ukr d
100 _aСавицкий Е.
090 _a821.161.2
_bС13
942 _cBK
040 _aUA-OsUOA
_brus
_cUA-OsUOA
_dUA-OsUOA
245 _aЯ - "Дракон". Атакую!..
_bразмышления о времени и о себе
300 _a333 с.
955 _a3
041 _arus
080 _a821.161.2
020 _a5-235-00612-7
260 _aМ.
_bМолодая гвардия
_c1988
650 7 _a82 Література. Літературознавство
_2UDC
999 _c377549
_d377549